Quizzes
Events
Quiz Creation
Community
Videos
Private Events
Remove Ads
Sign In
Join for FREE
Feedback
Dark Mode
Quiz Categories
Sports
Geography
Music
Movies
Television
Just For Fun
Miscellaneous
History
Literature
Language
Science
Gaming
Entertainment
Religion
Holiday
For Kids
Quiz Lab
Recent
Popular Today
Quiz Kudos Today
Editor Picks
Curator Picks
Quizzes by...
Day
Popularity
Type
Ratings
Length
Year
Community
Subscriptions
Recent Discussions
Orange Saloon
Badges
Playlists
Quests
Create
Leaderboards
Showdown
Live 5
Trivia Bingo
Activity
Puzzle Library
Sporcle Events
Private Events
Virtual Trivia
Globe League
Become a Host
Pub Owners
SporcleCon
Opinionation
Our Games
Videos
Blog
Mobile Apps
Partnerships
Remove Ads and Go Orange
Feedback
Gaming
Video Games
Board Games
Card Games
Pokémon
Mario
Nintendo
Minecraft
Console
Toys
Legend of Zelda
Gaming
Video Games
Board Games
Card Games
Pokémon
Mario
Nintendo
Minecraft
Console
Toys
Legend of Zelda
Random Quiz
Search Sporcle
×
Curator Pick
Curator Pick
Gaming
Legend of Zelda
Type in answers that appear in a list
Type in answers that appear in a list
Classic
Best Score? Go Orange.
The Legend of Zelda by Supporting Cast Stats
Can you name the Legend of Zelda installment by its discouragingly obscure secondary characters?
By
RainmanDX
3m
16 Questions
1,020 Plays
1,020 Plays
1,020 Plays
Comments
Comments
Give Quiz Kudos
Give Quiz Kudos
-
- Ratings
hide this ad
Forced Order
Answers have to be entered in order
Answers have to be entered in order
Random Order
Randomize order of answers
Randomize order of answers
Replay
Link that replays current quiz
Next Quiz
Link to next quiz in quiz playlist
You Got
0%
They Got
Avg Score
53%
Avg Friend Score
Upgrade to see
Score Distribution
Jump to the score distribution portion of the page
Score
0/16
Timer
03:00
0
Plays Today
Supporting Cast
Game
% Correct
Yuga, Queen Oren, Mother Maiamai
The Legend of Zelda: A Link Between Worlds
82.6%
Hestu, Kilton, Hudson
The Legend of Zelda: Breath of the Wild
80.8%
Ichiro, Bonooru, Cojiro
The Legend of Zelda: Ocarina of Time
72.5%
Bagu, Prince of Hyrule, Error
Zelda II: The Adventure of Link
71.3%
Captain Viscen, ???, Kamaro
The Legend of Zelda: Majora's Mask
71%
Falbi, Madame Fanadi, Queen Rutela
The Legend of Zelda: Twilight Princess
70.6%
Scrapper, Bucha, Ledd
The Legend of Zelda: Skyward Sword
67.4%
Old Woman, Patra, 'Gannon'
The Legend of Zelda
66.1%
Supporting Cast
Game
% Correct
Zill, Sturgeon, Laruto
The Legend of Zelda: The Wind Waker
65.6%
Zauz, Astrid, Ciela
The Legend of Zelda: Phantom Hourglass
62.6%
Anjean, Ferrus, Rabbitland Rescue Man
The Legend of Zelda: Spirit Tracks
61.3%
Kiki, Syrup, Chris Houlihan
The Legend of Zelda: A Link to the Past
58.7%
Crazy Tracy, Martha, Manbo
The Legend of Zelda: Link's Awakening
55%
The Foreman, Pippin, The Cap'n
The Legend of Zelda: Oracle of Ages
48.9%
Eenie & Meenie, Festari, Gina
The Legend of Zelda: The Minish Cap
48.6%
Rosa, Mayor Ruul, Unlucky Sailor
The Legend of Zelda: Oracle of Seasons
48%
Quiz Playlist
Details
Report
Send in Message
Add To Playlist
Classic:
Type in answers that appear in a list
Forced Order:
Answers have to be entered in order
Random Order:
Randomize order of answers
Quiz Source
Last Updated: May 24, 2017
Curator Pick in
Legend of Zelda
Quiz Scoreboard
CHALLENGE
Sign Up to Join the Scoreboard
Show All
Scores
Hide
Comments
May contain spoilers
Recently Published
Decade Duel: World Leaders
by jenniferyan
History
4m
Alphabetical 'K' Countries by Flag Minefield
by ylime102
Geography
3m
Pick 6: Fruits
by JohnFran
Miscellaneous
15s
More to Explore
Quiz From the Vault
Featured Blog Post
15 Basketball Trivia Facts You Can Be March Mad About
hide this ad
You Might Also Like...
Tags
Legend of Zelda Quiz
Nintendo Quiz
Legend of Zelda Characters
Legend of Zelda Dungeons
Today's Top Quizzes in Gaming
Browse Gaming
hide this ad
Today's Top Quizzes in Legend of Zelda
Browse Legend of Zelda
Top Contributed Quizzes in Gaming
1
Pokémon Gen IV Logic Puzzle (HARD)
2
HARD Pokemon Logic Puzzle
3
Genshin Impact Logic Puzzle
4
Honkai: Star Rail Technique Names Quiz
5
Rainbow Six Siege Operators by Picture
6
Order Genshin Impact characters by release date!
7
The Slinky Quiz
8
Magic: the Gathering Set Symbols - LCI
9
Mega Man or Metal Gear
10
Honkai Star Rail Feet v1.6
Explore More
Trending Topics
Kpop
Harry Potter
Anime
NBA
Marvel
Crossword
Disney
Country
Song
Puzzle
NFL
Soccer
WWE
Pokémon
The Office
hide this ad
More By:
RainmanDX
Quiz
Plays
Rating
Category
Featured
Created
Famously Short Surnames
83,261
3.04
Entertainment
Aug 4, 2010
Video Game Before & After Blitz
33,805
4.33
Gaming
Sep 24, 2012
Legend of Zelda: Ocarina of Time by Numbers
29,261
4.49
Gaming
Jun 6, 2010
Legend of Zelda: Breath of the Wild by Numbers
5,873
4.91
Gaming
May 24, 2017
The Legend of Zelda Word Ladders
5,846
4.45
Gaming
Oct 10, 2012
Go to Creator's Profile
Score Distribution
Quiz Creator Spotlight
RainmanDX
Follow
Send a Message
Quizzes Created
-
Created Quiz Play Count
-
More By This Creator
Popular Quizzes Today
1
Countries of Asia Without Outlines Minefield
2
Find the US States - No Outlines Minefield
3
Pick 6: Fruits
4
The Countries of the World
5
Alphabetical 'K' Countries by Flag Minefield
6
Find the Countries of Europe - No Outlines Minefield
7
US States
8
Find the US States
More Gaming Quizzes
Cattle in Video Games
Published
Trending Quizzes
Pick 6: Mountains
Pick 6: Harry Potter
Pick 6: Flags
Pick 6: NFL Teams
Pick 6: Movie Franchises
Recently Updated
Adaptations: Name the Title
pecheneg
NWSL Teams
pecheneg
Women's Final Four Teams by Year
bhenderson79
Presidents Quartet II
eogle
Anything But Clue(do)
eogle
Anything But Oceanian Capitals
eogle
Anything But 7
eogle
Anything But Thing
eogle
Word Ladder: February 29
pecheneg
Song Title Questions
pecheneg
Trending Topics
Anime
Kpop
Marvel
Disney
Crossword
Harry Potter
NBA
Soccer
Country
NFL
Song
The Office
Puzzle
Pokémon
WWE
Your Account Isn't Verified!
In order to create a playlist on Sporcle, you need to verify the email address you used during registration. Go to your
Sporcle Settings
to finish the process.
Report this User
Report this user for behavior that violates our
Community Guidelines
.
Details:
Send Report
Go to the Sporcle.com Mobile Site →
Comments